| Tag |
First Indicator |
Second Indicator |
Subfields |
| LEADER |
00000cam a2200000 4500 |
| 001 |
in00001002221 |
| 005 |
20150927184152.0 |
| 008 |
790409s1941 ilue 00010 engm |
| 010 |
|
|
|a 42021551
|
| 035 |
|
|
|a (OCoLC)04835648
|
| 035 |
|
|
|9 AEZ6163AM
|
| 040 |
|
|
|a DLC
|c AKR
|d m.c.
|d TXA
|d UtOrBLW
|
| 049 |
|
|
|a TXA1 [RARE]
|
| 050 |
0 |
0 |
|a DT62.T4
|b N4 1941
|
| 100 |
1 |
|
|a Nelson, Harold Hayden,
|d 1878-1954.
|
| 245 |
1 |
0 |
|a Key plans showing locations of Theban temple decorations /
|c by Harold Hayden Nelson.
|
| 264 |
|
1 |
|a Chicago, Ill. :
|b The University of Chicago Press,
|c [1941]
|
| 300 |
|
|
|a x pages, 1 leaf :
|b 37 double plans, 49 cm.
|
| 336 |
|
|
|a text
|b txt
|2 rdacontent
|
| 337 |
|
|
|a unmediated
|b n
|2 rdamedia
|
| 338 |
|
|
|a sheet
|b nb
|2 rdacarrier
|
| 490 |
1 |
|
|a The University of Chicago. Oriental Institute publications, v. 56
|
| 500 |
|
|
|a In portfolio.
|
| 650 |
|
0 |
|a Temples
|z Egypt.
|
| 650 |
|
0 |
|a Decoration and ornament
|z Egypt.
|
| 830 |
|
0 |
|a University of Chicago Oriental Institute publications ;
|v v. 56.
|
| 999 |
|
|
|a MARS
|
| 999 |
f |
f |
|s a16db749-35af-3309-aa05-f863d3bc04d5
|i 69ab4e27-8001-3bcd-965e-dcab4a2948fc
|t 0
|
| 952 |
f |
f |
|p noncirc
|a Texas A&M University
|b College Station
|c Cushing Memorial Library & Archives
|d Cushing: Rare Books (Does not check out)
|t 0
|e DT62.T4 N4 1941
|f 2X Oversize
|h Library of Congress classification
|i unmediated -- sheet
|
| 998 |
f |
f |
|a DT62.T4 N4 1941
|t 0
|l Cushing: Rare Books (Does not check out)
|